00614nam a2200205 a 450000100060000000300090000600800410001502000180005604000280007408200180010210000280012024500680014825000060021626000310022230000300025349000350028365000370031865000340035565000190038925307CO-ViMGA141112s2004 ck r 000 u spa d a9789587113273 aCO-ViMGAbspacCO-ViMGA04a340.092 I719e1 aIsaza Cadavid, Germán10aEstatuto de los abogados : banotado / cGermán Cadavid Isaza a9 aColombia : bLeyer, c2008 aviii, 190 p. xix, : 20 cm aColección Códigos anotados14aAbogados - Estatutos - Colombia 14aDerecho - ética profesional14aética legal